书目信息 |
| 题名: |
教师与学生交往行为的发展
|
|
| 作者: | 陈永华 , 黄文芳 , 陈珏 著 | |
| 分册: | ||
| 出版信息: | 北京 教育科学出版社 2011.03 |
|
| 页数: | 17,228页 | |
| 开本: | 24cm | |
| 丛书名: | 教师与学生行为发展丛书 | |
| 单 册: | ||
| 中图分类: | G456 | |
| 科图分类: | ||
| 主题词: | 师生关系--研究 , 师生关系 | |
| 电子资源: | ||
| ISBN: | 978-7-5041-5612-9 | |
| 000 | 01067oam2 2200301 450 | |
| 001 | 004872859 | |
| 005 | 20120321102004.87 | |
| 010 | @a978-7-5041-5612-9@dCNY32.00 | |
| 100 | @a20110613d2011 em y0chiy50 ea | |
| 101 | 0 | @achi |
| 102 | @aCN@b110000 | |
| 105 | @ay z 000yy | |
| 106 | @ar | |
| 200 | 1 | @a教师与学生交往行为的发展@9jiao shi yu xue sheng jiao wang xing wei de fa zhan@f陈永华,黄文芳,陈珏著 |
| 210 | @a北京@c教育科学出版社@d2011.03 | |
| 215 | @a17,228页@d24cm | |
| 225 | 2 | @a教师与学生行为发展丛书 |
| 300 | @a杭州师范大学与教育部基础教育课程教材发展中心合作项目 “教师行为与儿童发展”的成果之一 | |
| 330 | @a本书主要内容包括:学生交往行为的理论与研究、学生交往行为的表现与分析、教师对学生交往行为的观察、教师对学生交往行为的指导等。 | |
| 461 | 0 | @12001 @a教师与学生行为发展丛书 |
| 606 | 0 | @a师生关系@x研究 |
| 606 | 0 | @a师生关系 |
| 690 | @aG456@v4 | |
| 701 | 0 | @a陈永华@9chen yong hua@4著 |
| 701 | 0 | @a黄文芳@9huang wen fang@4著 |
| 701 | 0 | @a陈珏@9chen jue@4著 |
| 801 | 0 | @aCN@bNLC@c20110613 |
| 905 | @b538984-85@dG456@e108@f2 | |
| 教师与学生交往行为的发展/陈永华,黄文芳,陈珏著.-北京:教育科学出版社,2011.03 |
| 17,228页;24cm.-(教师与学生行为发展丛书) |
| 杭州师范大学与教育部基础教育课程教材发展中心合作项目 “教师行为与儿童发展”的成果之一 |
| ISBN 978-7-5041-5612-9:CNY32.00 |
| 本书主要内容包括:学生交往行为的理论与研究、学生交往行为的表现与分析、教师对学生交往行为的观察、教师对学生交往行为的指导等。 |
| ● |
| 相关链接 |
|
|
|
|
正题名:教师与学生交往行为的发展
索取号:G456/108
 
预约/预借
| 序号 | 登录号 | 条形码 | 馆藏地/架位号 | 状态 | 备注 |
| 1 | 538984 | 205389845 | 第一样本阅览室/ [索取号:G456/108] | 在馆 | |
| 2 | 538985 | 205389854 | 第四借阅区/ [索取号:G456/108] | 在馆 |